Derrotero y viaje a españa y las Indias / (Record no. 93102)
[ view plain ]
| 000 -LEADER | |
|---|---|
| fixed length control field | 00510cam a2200169 4500 |
| 008 - FIXED-LENGTH DATA ELEMENTS--GENERAL INFORMATION | |
| fixed length control field | 1994 spa |
| 050 #4 - LIBRARY OF CONGRESS CALL NUMBER | |
| Classification number | F1227 |
| Item number | S36 1944 |
| 100 1# - MAIN ENTRY--PERSONAL NAME | |
| Personal name | Schmidl, Ulrico |
| 245 #0 - TITLE STATEMENT | |
| Title | Derrotero y viaje a españa y las Indias / |
| Statement of responsibility, etc | Ulrico Schmidl ; tr. Edmundo Wernicke ; prol. Enrique de Gianlia. |
| 260 ## - PUBLICATION, DISTRIBUTION, ETC. (IMPRINT) | |
| Place of publication, distribution, etc | rgentina : |
| Name of publisher, distributor, etc | Espasa-Calpe, |
| Date of publication, distribution, etc | 1994 |
| 300 ## - PHYSICAL DESCRIPTION | |
| Extent | 152 p. ; |
| Dimensions | 18 cm. |
| 440 #0 - SERIES STATEMENT/ADDED ENTRY--TITLE | |
| Title | Austral |
| 500 ## - GENERAL NOTE | |
| General note | 1 ejem. |
| 942 ## - ADDED ENTRY ELEMENTS (KOHA) | |
| Source of classification or shelving scheme | Biblioteca del Cogreso de los Estados Unidos |
| Koha item type | Libro |
No items available.